000 01861cam a22004577a 4500
003 CHAP
005 20230629062636.0
008 040528s2003 mx ad r 00010 spa d
010 _a88356
011 _a89328
035 _a99879
040 _cCHAP
090 _aTesis
100 0 0 _aBarragán Rodríguez, Alejandro.
_910323
245 1 0 _aEvaluación del protocolo México-Estados Unidos-Canadá para la detección de Clavibacter michiganensis subsp. sepedonicus en semilla tubérculo de papa
_c/por Alejandro Barragán Rodríguez
260 _aChapingo, Méx. :
_bEl autor,
_c2004
300 _a53 h. :
_bilus. ; cuadros
502 _aTesis (Ing. Agr. Esp. en Parasitología Agrícola) -- UACH. Departamento de Parasitología Agrícola
530 _aTambién disponible en línea
590 _aALEPH
_b10
_c20130110
_lUCH01
_h1457
590 _aBATCH-UPD
_b10
_c20130110
_lUCH01
_h0852
590 _aBATCH-UPD
_b10
_c20130410
_lUCH01
_h0524
590 _aBATCH-UPD
_b10
_c20130914
_lUCH01
_h0948
590 _aBATCH-UPD
_b10
_c20140324
_lUCH01
_h1444
590 _aBATCH-UPD
_b10
_c20141002
_lUCH01
_h0822
590 _aBATCH
_b00
_c20181121
_lUCH01
_h0758
590 _aCONVERSION
_b10
_c20130109
_lUCH01
_h1349
650 1 4 _aClavibacter michiganensis.
_923721
650 1 4 _aPapa
_xEnfermedades por bacterias.
_985228
650 1 7 _aPapas
_xEnfermedades
_2
_985227
650 1 4 _aPapa
_xSemilla.
_985288
650 1 4 _aTubérculos y cultivos de raíz
_xEnfermedades.
_9115483
650 1 4 _aTubérculos y cultivos de raíz
_xSemilla.
_9115488
856 _3Finding aid
_uhttp://10.13.5.2/tesis/99879.pdf
_zTeclea aqui
856 _a1
_n0000746
901 _aBK
905 _aMarco A. Mendoza T.
942 _cFOLL
949 _aTesis
_bBC
_cTES
_d33724000909933
_eTS2
_fc.2
_gDonaciØn
_h41906
_i99879
_sb
949 _aTesis
_bBC
_cTES
_d998791
_eTS1
_gDonaciØn
_h41905
_i99879
_sb
999 _c88356
_d88356